Taylor Swift - Paroles Superman - Statistiques

Statistiques générales
  • Ce quiz a été pris 26 fois
    9 depuis la dernière actualisation
  • Le résultat moyen est 277 sur 379
Statistiques - réponses
Hint Réponse % Correct
a
100%
ambition
100%
away
100%
dark,
100%
dark
100%
eyes,
100%
eyes
100%
father's
100%
fly
100%
go
100%
Go
100%
got
100%
He
100%
he
100%
He's
100%
he's
100%
his
100%
I
100%
It's
100%
me
100%
mothers
100%
or
100%
same
100%
save
100%
Superman
100%
superman
100%
Couplet 1 | Couplet 2 Tall,
100%
the
100%
thing
100%
To
100%
to
100%
work
100%
world
100%
world,
100%
and
80%
And
80%
be
80%
beautiful
80%
brown
80%
busy
80%
day
80%
day,
80%
don't
80%
Don't
80%
girl
80%
him
80%
how
80%
"How
80%
if
80%
in
80%
knows
80%
miss
80%
much
80%
other
80%
papers
80%
puts
80%
today
80%
watch
80%
wonder
80%
you
80%
you?"
80%
you,
80%
about
60%
always
60%
are
60%
around
60%
back,
60%
back
60%
briefcase
60%
But
60%
but
60%
can't
60%
Come
60%
come
60%
complicated,
60%
deep
60%
down
60%
drives
60%
ever
60%
every
60%
fine"
60%
first
60%
forever
60%
Forever
60%
forget
60%
forget,
60%
from
60%
ground
60%
hang
60%
has
60%
hear
60%
hope
60%
I'll
60%
irrational
60%
"Just
60%
love
60%
on
60%
say
60%
say,
60%
single
60%
some
60%
someday
60%
Something
60%
take
60%
tell
60%
that
60%
they
60%
very
60%
When
60%
with
60%
word
60%
yeah
60%
you'll
60%
You've
60%
all
40%
bad
40%
call
40%
card
40%
'Cause
40%
flowers
40%
here
40%
here,
40%
I've
40%
leave,
40%
like
40%
loved
40%
never
40%
not
40%
okay
40%
one
40%
places
40%
reputation
40%
right
40%
Right
40%
sayin'
40%
smile
40%
swear,
40%
was
40%
where
40%
wishing
40%
Wishing
40%
far
20%
I'm
20%
Outro La,
20%
la,
20%
la
20%
let
20%
looking
20%
lovestruck
20%
out
20%
were
20%
window
20%
Aucun quiz correspondant
Distribution des résultats
% des personnes avec chaque résultat
Percentile par nombre de réponses
Votre historique - résultats
Vous n’avez pas pris ce quiz depuis la dernière actualisation